Browns - Sudden Death - Statistics

General Stats
  • This quiz has been taken 93 times
  • The average score is 4 of 21
Answers on the Grid
Answers color-coded by a green-red scale on the quiz's grid according to % correct below.
Antique Brass
Beaver
Beige
Bisque
Blast Off Bronze
Bronze
Burnt Sienna
Chestnut
Copper
Desert Sand
Earthtone
Fuzzy Wuzzy
Mahogany
Sepia
Tan
Tumbleweed
Terra Cotta
Tawny
Sienna
Raw Sienna
Sandy Tan
Praline Pecan
Oak
Date
Gingerbread
Cinnamon Stick
Elm
Chocolate Milk
Flaxen Waxen
Peanut Butter
Baked Beans
Whirling Tornado
 
Answer Stats
Answer % Correct
Chestnut
40%
Beige
38%
Mahogany
37%
Bronze
34%
Tan
34%
Copper
31%
Sienna
26%
Sepia
24%
Tawny
21%
Burnt Sienna
19%
Terra Cotta
19%
Sandy Tan
15%
Desert Sand
13%
Raw Sienna
13%
Beaver
10%
Antique Brass
9%
Earthtone
9%
Bisque
7%
Blast Off Bronze
6%
Tumbleweed
6%
Fuzzy Wuzzy
4%
No matching quizzes found
Score Distribution
Percent of People with Each Score
Percentile by Number Answered
Your Score History
You have not taken this quiz